00542nam a2200181 a 450000100060000000300090000600800410001502000150005604000280007108200160009910000210011524500640013626000430020030000110024365000380025465000340029265000340032617204CO-ViMGA141112s2004 ck r 000 u spa d a8420008311 aCO-ViMGAbspacCO-ViMGA04a664.8 W453f1 aWiley, Robert C.10aFrutas y Hortalizas mínimamente procesadas y refrigeradas aZaragoza (España), cAcribia, c1997 a362.p.14aCONSERVACION DE ALIMENTOS SOLIDOS14aFLORICULTURA - ALMACENAMIENTO14aHORTICULTURA - ALMACENAMIENTO